000 00627nam a2200229Ia 4500
003 OSt
005 20221006163946.0
006 a|||||r|||| 00| 0
007 ta
008 221006b |||||||| |||| 00| 0 eng d
024 _a3,232
037 _cTextual
040 _aFML
_cFML
_beng
041 _2eng
_aeng
082 _aNR5:g, H1
100 _aTovey Donald Francis Au.
_9676284
245 0 _aMusicians Talks
_b 2 Musical Textures
260 _aLondon
_bOxford University Press
_c1941
300 _a89
_ccm.
942 _hNR5:g, H1
_cTEXL
_2CC
999 _c1115817
_d1115817